Open Data Biblioteca Nacional de Portugal


República Portuguesa: Ministério da Cultura
Biblioteca Nacional de Portugal

Catálogo da BNP: acesso por Identificadores Unívocos
Registos Bibliográficos associados ao registo de autoridade

Etiqueta de registo: 00000nam 2200025 450
001 2001169
003 http://id.bnportugal.gov.pt/bib/catbnp/2001169
010 ## $a978-989-20-8314-8
021 ## $aPT$b438789/18
100 ## $a20180921d2018 m y0pory01030103ba
101 0# $apor
102 ## $aPT
105 ## $aa z 000yy
106 ## $ar
200 1# $aGuião de normas de utilização do Kit "Missão Emoção"$eprojeto de educação sócio-emocional dos Mochinhos da Sabedoria$fSandra Costa$gil. Eduarda Silva
205 ## $a1ª ed
210 #9 $a[S.l.]$cMochinhos da Sabedoria$cSandra Costa,$dcop. 2018
215 ## $a38 p.$cil.$d30 cm
225 2# $aMochinhos da sabedoria
675 ## $a159.942(072)$vBN$zpor$31326000
675 ## $a371.3(072)$vBN$zpor$31237791
700 #1 $96$aCosta,$bSandra$31663958
702 #1 $92$aSilva,$bEduarda$4440$31728526
801 #0 $aPT$bBN$gRPC
856 41 $uhttp://rnod.bnportugal.gov.pt/ImagesBN/winlibimg.aspx?skey=&doc=2001169&img=114546&save=true
900 ## $aBIBNAC$d20181019
966 ## $lBN$mFGMON$sS.A. 169466 V.$x1
966 ## $lBN$mFGMON$sS.A. 169466 V.-D$x1

Etiqueta de registo: 00000nam 2200025 450
001 2125897
003 http://id.bnportugal.gov.pt/bib/catbnp/2125897
010 ## $a978-989-33-3662-5
021 ## $aPT$b505358/22
100 ## $a20230708d2022 m y0pory01030103ba
101 0# $apor
102 ## $aPT
105 ## $aa z 000yy
106 ## $ar
200 1# $aAgenda das estações do ano 2023$eacunpuntura & dietética oriental$fVanessa Correia$gil. Eduarda Silva
205 ## $a1ª ed
210 #9 $a[S.l.$cs.n.],$d2022$g(Gráfica Lousanense)
215 ## $a1 v.$cil.$d21 cm
675 ## $a61(=1:510)$vBN$zpor$31484252
675 ## $a686.85$vBN$zpor$31375398
700 #1 $aCorreia,$bVanessa$31875620
702 #1 $92$aSilva,$bEduarda$4440$31728526
801 #0 $aPT$bBN$gRPC
856 41 $uhttp://rnod.bnportugal.gov.pt/ImagesBN/winlibimg.aspx?skey=&doc=2125897&img=176032&save=true
900 ## $aBIBNAC$d20230417
966 ## $lBN$mFGMON$sS.A. 183772 V.$x1
966 ## $lBN$mFGMON$sS.A. 183772 V.-D$x1
971 ## $ccsilva$d20230309
972 ## $e0$z0$d20230417$vasantos
973 ## $cmlsousa$d20230315

Etiqueta de registo: 00000nam 2200025 450
001 2187233
003 http://id.bnportugal.gov.pt/bib/catbnp/2187233
010 ## $a978-989-33-6467-3
021 ## $aPT$b535580/24
100 ## $a20240930d2024 m y0pory01030103ba
101 0# $apor
102 ## $aPT
105 ## $aa z 000yy
106 ## $ar
200 1# $aAgenda das estações do ano 2025$eacupuntura & dietética oriental$fVanessa Correia$gil. Eduarda Silva
205 ## $a1ª ed
210 #9 $a[S.l.$cs.n.],$d2025 [i.e 2024]$g(Gráfica Lousanense)
215 ## $a1 v.$cil.$d21 cm
675 ## $a615.8(5-11)$vBN$zpor$31931949
675 ## $a686.85"2025"$vBN$zpor$31931944
700 #1 $aCorreia,$bVanessa$31875620
702 #1 $92$aSilva,$bEduarda$4440$31728526
801 #0 $aPT$bBN$gRPC
856 41 $uhttp://rnod.bnportugal.gov.pt/ImagesBN/winlibimg.aspx?skey=&doc=2187233&img=199715&save=true
900 ## $aBIBNAC$d20241107
966 ## $lBN$mFGMON$sS.A. 189057 V.$x1
966 ## $lBN$mFGMON$sS.A. 189057 V.-D$x1
971 ## $corlando$d20240930
972 ## $e0$z0$d20241107$viquintas
973 ## $cigoulao$d20241016
974 ## $e0$d20241017$vrsimoes

OpendataBNP@bnportugal.pt | Mais informação sobre acesso aos dados BNP